|
|
|
|
| LEADER |
00000cam a2200000 7i4500 |
| 001 |
0000000639 |
| 005 |
20020306.0 |
| 090 |
0 |
0 |
|a 338.95950112
|b NAT 1991
|
| 110 |
1 |
0 |
|a NATIONAL Seminar Towards a Developed and Industrialized Society : Understanding the Concept, Implications and Challenges of Vision 2020
|k 1991
|j Kuala Lumpur
|
| 245 |
1 |
0 |
|a Proceedings of National Seminar Towards a Developed and Industrialized Society : Understanding the Concept, Implications and Challenges of Vision 2020 held in Kuala Lumpur, 5-7 December 1991
|
| 260 |
0 |
0 |
|a Kuala Lumpur :
|b Jabatan Perdana Menteri, Unit Penyelidikan Sosioekonomi ,
|c 1991
|
| 300 |
|
|
|a vi, 504 p. :
|b col. ill. ;
|c 26 cm.
|
| 650 |
0 |
0 |
|a Economic forecasting
|z Malaysia
|x Congresses
|
| 650 |
0 |
0 |
|a Wawasan 2020
|
| 651 |
0 |
0 |
|a Malaysia
|x Economic policy
|x Congresses
|
| 710 |
1 |
1 |
|a Malaysia ,
|c Unit Penyelidikan Sosioekonomi
|
| 998 |
|
|
|a JPSM
|
| 999 |
|
|
|a 0000001704
|b Monograph
|c Open Shelf
|e Default branch
|